LEADER 00994nam a2200241 i 4500 001 000000157585 003 CaOOAMICUS 005 20251003114645.0 008 070112s1968 it u000 u ita u 040 $aSeMil$bita 100 1 $aBorromeo, Carlo,$c.$0(OLS)http://semarc/name/3012 245 10$aOrdo tractationis de oratione /$cCarolus Borromeus. 264 1$aMediolani :$bGentrino italiana,$c1968. 300 $aXXI, 21 c. di tav. ripieg., 72 p. ;$c36 cm. 500 $aIn custodia 650 4$aBorromeo, Carlo - Autografi, manoscritti, etc.$0(OLS)http://semarc/subject/42701 850 $aSeMil 852 $aSeMil$W1$xVenegono$y1$m3.SOVR IV 10$j262759$B109267$CSeMilBibl$Z2$F118783 $81 941 1 $a3 961 $aLascito: Colombo Card. Giovanni 996 $6245$aOrdo tractationis de oratione$9(OLS)http://semarc/title/429568 996 $6264$aMediolani :$bGentrino italiana$9(OLS)http://semarc/publisher/44252 LEADER 00971nam a2200265 4500 001 000000346632 003 CaOOAMICUS 005 20210628101311.0 008 210615s2015 it a 000 u ita r 020 $a978-88-6671-104-9 040 $aSeMil$bita 100 1 $aAlborghetti, Roberto.$0(OLS)http://semarc/name/4730 245 10$aVol. 3. 264 1$aGorle :$bVelar,$c2015. 300 $aPP. 268-385 p. :$bill. ;$c30 cm 541 0 $aOmaggio mons. Mario Delpini (3A VI 359) 773 0 $aAlborghetti, Roberto$tFrancesco.$dGorle : Velar, 2013-2017.$g3$w()346628 850 $aSeMil 852 $aSeMil$W1$xVenegono$y1$m3A VI 359$j227119$B237710$CSeMilBibl$Z2$F237710 $81 941 1 $a7 961 $aOmaggio mons. Mario Delpini 996 $6020$a978-88-6671-104-9$9(OLS)http://semarc/number/293485 996 $6245$aVol. 3$9(OLS)http://semarc/title/80712 996 $6264$aGorle :$bVelar$9(OLS)http://semarc/publisher/33489 LEADER 01237nam a2200277 i 4500 001 000000033883 003 CaOOAMICUS 005 20220607112716.0 008 030218s1991 it u000 u ita u 040 $aSeMil$bita 100 1 $aBeretta, Luigi.$0(OLS)http://semarc/name/15398 245 10$aS. Agostino e Cassiciaco /$cLuigi Beretta ; a cura dell' Associazione Storico-Culturale S. Agostino. 250 $a2. ed. 264 1$a[S.l. :$bs.n.],$cstampa 1991$e(Oggiono :$fCattaneo) 300 $a199 p., [13] p. di tav. ;$c24 cm. 541 0 $aFondo card. C.M. Martini (3P III 111) 650 04$aAgostino, Aurelio . Confessiones - Cassiciaco.$0(OLS)http://semarc/subject/52358 650 4$aCassago Brianza - Sant'Agostino.$0(OLS)http://semarc/subject/37154 710 2 $aAssociazione storico-culturale "S. Agostino" .$0(OLS)http://semarc/name/15399 850 $aSeMil 852 $aSeMil$W1$xVenegono$y1$m3P III 111$j38$B38$CSeMilBibl$Z2$F38 $81 941 1 $a4 961 $aOmaggio: Delpini mons. Mario 996 $6245$aS. Agostino e Cassiciaco$9(OLS)http://semarc/title/45490 996 $6264$a[S.l. :$bs.n.]$9(OLS)http://semarc/publisher/29751